Największe transfery lata 2022/23 - Statystyki

Ogólne statystyki
  • Ten quiz został rozwiązany 246 razy
  • Średni wynik to 22 z 60
Statystyki odpowiedzi
Transfer lub wypożyczeni Data Pozycja Zawodnik % Poprawnych
Bayern Monachium ---> FC Barcelona 19 lip 2022 Napastnik Robert Lewandowski
98%
Borussia Dortmund ---> Manchester City 1 lip 2022 Napastnik Erling Haaland
96%
Juventus Turyn ---> AS Roma 20 lip 2022 Napastnik Paulo Dybala
86%
FC Liverpool ---> Bayern Monachium 1 lip 2022 Napastnik Sadio Mané
85%
Benfika Lizbona ---> FC Liverpool 1 lip 2022 Napastnik Darwin Núñez
77%
Manchester City ---> Chelsea FC 13 lip 2022 Napastnik Raheem Sterling
70%
Juventus Turyn ---> Bayern Monachium 19 lip 2022 Obrońca Matthijs de Ligt
69%
Manchester United ---> Juventus Turyn 11 lip 2022 Pomocnik Paul Pogba
69%
Chelsea FC ---> Real Madrid 1 lip 2022 Obrońca Antonio Rüdiger
65%
Manchester City ---> FC Arsenal 4 lip 2022 Napastnik Gabriel Jesus
62%
SSC Napoli ---> Chelsea FC 16 lip 2022 Obrońca Kalidou Koulibaly
58%
Leeds United ---> FC Barcelona 13 lip 2022 Napastnik Raphinha
58%
Atlético de Madryt ---> Club Nacional 27 lip 2022 Napastnik Luis Suárez
55%
Everton ---> Tottenham Hotspur 1 lip 2022 Napastnik Richarlison
53%
AC Milan ---> FC Barcelona 4 lip 2022 Pomocnik Franck Kessié
50%
Chelsea FC ---> Inter Mediolan 1 lip 2022 Napastnik Romelu Lukaku
49%
Sevilla FC ---> FC Barcelona 28 lip 2022 Obrońca Jules Koundé
42%
AS Monaco ---> Real Madryt 1 lip 2022 Pomocnik Aurélien Tchouaméni
41%
Chelsea FC ---> FC Barcelona 4 lip 2022 Obrońca Andreas Christensen
40%
Ajax Amsterdam ---> Borussia Dortmund 6 lip 2022 Napastnik Sébastien Haller
39%
Brentford ---> Manchester United 15 lip 2022 Pomocnik Christian Eriksen
37%
Ajax Amsterdam ---> Manchester United 27 lip 2022 Obronca Lisandro Martínez
37%
Ajax Amsterdam ---> Bayern Monachium 1 lip 2022 Pomocnik Ryan Gravenberch
35%
Manchester City ---> FC Arsenal 22 lip 2022 Obrońca Oleksandr Zinchenko
32%
Real Madryt ---> Los Angeles FC 7 lip 2022 Napastnik Gareth Bale
31%
Bayern Monachium ---> Borussia Dortmund 1 lip 2022 Obrońca Niklas Süle
31%
FC Paris Saint-Germain ---> Juventus Turyn 8 lip 2022 Napastnik Ángel Di María
29%
Brighton & Hove Albion ---> Chelsea FC 5 sie 2022 Obrońca Marc Cucurella
29%
FC Paris Saint-Germain ---> AS Roma 5 sie 2022 Pomocnik Georginio Wijnaldum
28%
Juventus Turyn ---> Los Angeles FC 7 lip 2022 Obrońca Giorgio Chiellini
28%
Leeds United ---> Manchester City 4 lip 2022 Pomocnik Kalvin Phillips
28%
LOSC Lille ---> FC Paris Saint-Germain 4 sie 2022 Pomocnik Renato Sanches
28%
CA River Plate ---> Manchester City 7 lip 2022 Napastnik Julián Álvarez
27%
Red Bull Salzburg ---> Borussia Dortmund 1 lip 2022 Napastnik Karim Adeyemi
27%
SSC Napoli ---> Toronto FC 7 lip 2022 Napastnik Lorenzo Insigne
27%
Leicester City ---> OGC Nice 3 sie 2022 Bramkarz Kasper Schmeichel
26%
FC Barcelona ---> Tottenham Hotspur 8 lip 2022 Obrońca Clément Lenglet
24%
Real Madryt ---> Sevilla FC 7 sie 2022 Pomocnik Isco
24%
FC Arsenal ---> Olympique Lyon 1 lip 2022 Napastnik Alexandre Lacazette
23%
Torino FC ---> Juventus Turyn 20 lip 2022 Obrońca Bremer
23%
Bayern Monachium ---> Olympique Lyon 1 lip 2022 Pomocnik Corentin Tolisso
22%
Manchester United ---> Nottingham Forest 21 lip 2022 Pomocnik Jesse Lingard
21%
RB Leipzig ---> FC Paris Saint-Germain 26 lip 2022 Obrońca Nordi Mukiele
21%
Ajax Amsterdam ---> Bayern Monachium 1 lip 2022 Obrońca Noussair Mazraoui
21%
Feyenoord Rotterdam ---> Manchester United 5 lip 2022 Obrońca Tyrell Malacia
21%
FC Porto ---> FC Paris Saint-Germain 1 lip 2022 Pomocnik Vitinha
19%
SC Freiburg ---> Borussia Dortmund 1 lip 2022 Obrońca Nico Schlotterbeck
18%
Tottenham Hotspur ---> Ajax Amsterdam 8 lip 2022 Napastnik Steven Bergwijn
18%
Manchester United ---> Sevilla FC 4 sie 2022 Obrońca Alex Telles
17%
Arminia Bielefeld ---> Manchester City 1 lip 2022 Bramkarz Stefan Ortega
17%
FC Brügge ---> AC Milan 2 sie 2022 Napastnik Charles De Ketelaere
16%
Szachtar Donieck ---> Benfika Lizbona 1 lip 2022 Napastnik David Neres
15%
Inter Mediolan ---> Tottenham Hotspur 1 lip 2022 Pomocnik Ivan Perisic
15%
Brighton & Hove Albion ---> Tottenham Hotspur 1 lip 2022 Pomocnik Yves Bissouma
14%
FC Fulham ---> FC Liverpool 1 lip 2022 Pomocnik Fábio Carvalho
13%
FC Liverpool ---> AS Monaco 1 lip 2022 Napastnik Takumi Minamino
12%
FC Porto ---> FC Arsenal 1 lip 2022 Pomocnik Fábio Vieira
10%
Feyenoord Rotterdam ---> Leeds United 7 lip 2022 Napastnik Luis Sinisterra
9%
FC Arsenal ---> Olympique Marseille 30 lip 2022 Obrońca Nuno Tavares
8%
RB Leipzig ---> Leeds United 6 lip 2022 Pomocnik Tyler Adams
8%
Nie znaleziono quizów pasujących do podanych kryteriów
Rozkład punktacji
Procent ludzi z każdym wynikiem
Percentyl według liczby udzielonych odpowiedzi
Twoja historia wyników
Nie rozwiązałeś tego quizu